Orte: Wieviele Grenzen liegen dazwischen? - Statistiken

Allgemein
  • Dieses Quiz wurde 90 mal gespielt
  • Das Durchschnittsergebnis liegt bei 10 aus 13
Antwortstatistiken
von A: nach B: Grenzen via... % Korrekt
Nürtingen Neapel 2 Österreich, Schweiz, Frankreich
99%
Belfast Bilbao 1 Nordirland (UK) > Gibraltar(UK) > E
96%
Rio Rouen 1 Brasilien > franz. Guyana > F
85%
Vancouver Vellmar 2 Kanada > Hans-Insel > DK > D
81%
Paris Dakar 4 F > E > Ceuta(E) > Marokko > Mauretanien > Senegal
79%
Kaesong Kristiansand 2 Nordkorea > Russland > Norwegen
77%
Bagdad Belgrad 3 Irak > Türkei > Bulgarien > Serbien
77%
Wuhan Wuppertal 3 CN > RU (Kaliningrad) > PL > D
77%
Montevideo Monte Carlo 3 Uruguay > Brasilien > Frz.-Guyana (F) > Monaco
75%
York New York 6 UK > Gibraltar(UK) > E > F > D > DK > Hans-Insel > Kanada > USA
75%
Teheran Tirana 3 Iran > Türkei > Griechenland > Albanien
71%
Port Moresby Paris 9 PNG > Indonesien > Malaysia > Thailand > Myanmar > China > RU > PL > D > F
68%
Afrika Unterneger 0 D-17268 Afrika (Flieth-Steglitz) > D-57462 Neger (Olpe)
58%
Keine übereinstimmenden Quizze gefunden
Verteilung der Resultate
Anzahl Personen mit jedem Resultat
Perzentil nach korrekt beantworteten Fragen
Ihre Resultats-Entwicklung
Sie haben dieses Quiz noch nicht gespielt